000 00478nam a2200169 a 4500
003 DO-SdBNP
005 20211029143039.0
007 ta
008 211029e190? ab||grc||| 00| 0 spa d
040 _aDO-SdBNP
_bspa
_cBNPHU
082 4 _222
_bA512s
245 1 3 _aLa América española en la época de Carlos III /
260 _a[Santo Domingo] :
_b[Casa de España] ,
_c1900?
300 _a[8 p.] :
_bil., mapas, ;
_c22 cm.
590 _aInventariado 2021 / MF
942 _2ddc
_cLF2
999 _c50833
_d50833